| 000 | 00964nam a2200289Ia 4500 | ||
|---|---|---|---|
| 005 | 20260324131401.0 | ||
| 008 | 008 260324s9999 xx 000 0 eng d | ||
| 020 | _a9781003423874 | ||
| 037 | _aEBOOK | ||
| 040 | _aCRL | ||
| 040 | _beng | ||
| 040 | _cCRL | ||
| 041 | _2eng | ||
| 041 | _aeng | ||
| 084 | _qCRL | ||
| 100 |
_aT.S. Sudarshan; M. Jeandin; J.J. Stiglich _91185308 |
||
| 245 | 0 | _aSurface Modification Technologies XVIII: Proceedings of the Eighteenth International Conference on Surface Modification Technologies Held in Dijon, France November 15-17, 2004: v. 18 | |
| 245 | 0 | _bProceedings of the Eighteenth International Conference on Surface Modification Technologies Held in Dijon, France November 15-17, 2004 | |
| 260 | _bTaylor and Francis | ||
| 260 | _c2006 | ||
| 365 | _a | ||
| 365 | _b1395 | ||
| 856 | _uhttp://www.taylorfrancis.com/books/9781003423874 | ||
| 942 | _cEBOOK | ||
| 999 |
_c1782398 _d1782398 |
||